000 00906nas a2200289 4500
001 BR2011008052
003 BR-BrBNA
005 20231205115853.0
007 ta
008 230509b bl.|||p| |||| 00| 00por d
040 _aBR-BrBNA
_bpor
_cBiblioteca Nacional de Agricultura
041 _a(Pt)
072 _aK10
100 1 _aSchumacher, M.V.
100 1 _aTrüby, P.
100 1 _aMarafiga, J.M.
100 1 _aViera, M.
100 1 _aSzymczak, D.A.
245 1 _aEspécies predominantes na deposição de serapilheira em fragmento de floresta estacional decidual no Rio Grande do Sul
650 _aESPÉCIE NATIVA
650 _aMATÉRIA ORGÂNICA
650 _aTEMPERATURA
650 _aRIO GRANDE DO SUL
773 0 _tCiência Florestal (Brazil)
_xISSN 0103-9954
_g(Jul-Sep 2011), v. 21(3) p. 479-486
_wBR2011008052
909 _a202311
_bLúcia
_c55
_dLúcia Elande
942 _2AGRIS
_n0
_cANA
999 _c216094
_d216094